000 00482nam a2200157Ia 4500
008 170221s9999 xx 000 0 und d
100 _aIsaac Nunoo.
245 _aDeterminants of News Selection in the Ghanaian Print Media: A Study of the Daily Graphic
245 _cIsaac Nunoo.
260 _bOnline Journal of Communication and Media Technologies
260 _c2016
300 _a6 : 3
650 _xCommunication
650 _xMedia Arts
856 _uhttp://www.ojcmt.net/
999 _c306788
_d306788